| 000 | 01580cam a2200253 4500 | ||
|---|---|---|---|
| 001 | ABS67917 | ||
| 008 | 040618n2004 000 0 eng u | ||
| 035 | _a(Sirsi) u126514 | ||
| 100 | _aMcKenzie, A. | ||
| 245 | _aLatham two: review of the act | ||
| 260 | _c2004 | ||
| 490 |
_aConstruction Law Bulletin _v May 2004, 5-8(4) |
||
| 520 | _aLooks at the proposed review of the Housing Grants, Construction and Regeneration Act 1996. The consultation paper is due to be published in October 2004, with responses in by December 2004. Detailed mechanisms for implementation will then be prepared and handed over to the government for application by the end of March 2005. The review will look: at the meaning of the term construction contract; the meaning of construction operations; the application to residential occupiersagreement in writing; meaning of dispute; the mandatory scheme; and fees and costs. In contrast to the adjudication part of the review, the consultation on payment will look at pay when paid arrangements and payment notices. Concludes the review will not be a fundamental one, but more likely a fine tuning of the Act and the Scheme for Construction Contracts in certain areas to improve its effectiveness. | ||
| 590 | _aABS | ||
| 590 | _aABS | ||
| 650 | _aHOUSING GRANTS, CONSTRUCTION AND REGENERATION ACT 1996 | ||
| 650 | _aLATHAM REFORMS | ||
| 650 | _aCONSULTATION PAPERS | ||
| 650 | _aPAY WHEN PAID CLAUSES | ||
| 650 | _aPAYMENT NOTICES | ||
| 650 | _aSCHEME FOR CONSTRUCTION CONTRACTS | ||
| 690 |
_aDISPUTE RESOLUTION _96236 |
||
| 942 | _n0 | ||
| 999 |
_c117547 _d117547 |
||